[Event "52nd World Juniors 2013"]
[Site "Kocaeli TUR"]
[Date "2013.09.21"]
[Round "8.15"]
[White "Vakhidov, Jahongir"]
[Black "Ynojosa, Felix Jose"]
[Result "1-0"]
[WhiteTitle "IM"]
[BlackTitle "IM"]
[WhiteElo "2385"]
[BlackElo "2439"]
[WhiteFideId "14201801"]
[BlackFideId "3900258"]
[EventDate "2013.09.13"]

1. d4 Nf6 2. c4 e6 3. Nc3 Bb4 4. Qc2 c5 5. dxc5 O-O 6. a3 Bxc5 7. Nf3 Be7 8. Bf4
a6 9. Rd1 Nh5 10. Bc1 Qc7 11. e4 d6 12. Be2 Nd7 13. O-O b6 14. g4 Nhf6 15. g5
Ne8 16. Nd4 Bb7 17. f4 Rc8 18. Be3 g6 19. f5 exf5 20. exf5 Ne5 21. Bf4 b5 22.
cxb5 axb5 23. Qb3 Qb6 24. Qxb5 Qa7 25. Qa4 Qb6 26. Qb3 Qxb3 27. Nxb3 gxf5 28.
Bxe5 dxe5 29. Rd7 Rc7 30. Rxc7 Nxc7 31. Rxf5 Ne6 32. h4 Bd6 33. Na5 Nd4 34. Rf6
Nxe2+ 35. Nxe2 Bc5+ 36. Kf1 Be4 37. Nc6 Rc8 38. Nxe5 Be7 39. Rb6 Rc5 40. Nd7
Rf5+ 41. Ke1 Bd3 42. Ng3 Rb5 43. Nf6+ Kg7 44. Rxb5 Bxb5 45. Nf5+ Kf8 46. Nxh7+
Ke8 47. Nxe7 Kxe7 48. Nf6 Ke6 49. h5 Kf5 50. h6 Kxg5 51. h7 1-0

[Event "52nd World Juniors 2013"]
[Site "Kocaeli TUR"]
[Date "2013.09.21"]
[Round "8.16"]
[White "Javakhadze, Zurab"]
[Black "Muhammad, Luthfi Ali"]
[Result "1/2-1/2"]
[WhiteTitle "IM"]
[BlackTitle "CM"]
[WhiteElo "2457"]
[BlackElo "2277"]
[WhiteFideId "13603647"]
[BlackFideId "7103743"]
[EventDate "2013.09.13"]

1. c4 Nf6 2. Nc3 g6 3. g3 Bg7 4. Bg2 O-O 5. Nf3 c6 6. d4 d5 7. cxd5 cxd5 8. O-O
Ne4 9. Qb3 Nc6 10. Rd1 Nxc3 11. bxc3 Na5 12. Qb4 b6 13. Nd2 Ba6 14. e4 e6 15.
exd5 exd5 16. Nf1 Nc4 17. Ne3 Nxe3 18. Bxe3 Re8 19. a4 Bf8 20. Qb2 Bc4 21. Bf1
Qc7 22. Bf4 Qc6 23. a5 b5 24. a6 Re6 25. Ra5 Rae8 26. Be3 Rb8 27. Rb1 Bxf1 28.
Kxf1 b4 29. Qb3 Rb5 30. Ra4 Qc8 31. cxb4 Rxa6 32. Rc1 Qb7 33. Rxa6 Qxa6 34. Qd3
Qb7 35. Bf4 Rxb4 36. Rc7 Qb6 37. Rc8 Qe6 38. Ra8 Qh3+ 39. Kg1 Rc4 40. Qa3 Rc8
41. Qxa7 Rxa8 42. Qxa8 Qe6 43. Bh6 Qe1+ 44. Kg2 Qe4+ 45. f3 Qc2+ 46. Kh3 Qf5+
47. Kg2 Qc2+ 48. Kh3 1/2-1/2

[Event "52nd World Juniors 2013"]
[Site "Kocaeli TUR"]
[Date "2013.09.21"]
[Round "8.18"]
[White "Dastan, Muhammed Batuhan"]
[Black "Arvola, Benjamin"]
[Result "1-0"]
[WhiteTitle "IM"]
[BlackTitle "FM"]
[WhiteElo "2455"]
[BlackElo "2354"]
[WhiteFideId "6300014"]
[BlackFideId "1506536"]
[EventDate "2013.09.13"]

1. e4 e6 2. d4 d5 3. e5 c5 4. c3 Qb6 5. Nf3 Nc6 6. a3 Nh6 7. b4 cxd4 8. Bxh6
gxh6 9. cxd4 Bd7 10. Ra2 Rg8 11. h3 a5 12. b5 Ne7 13. g3 a4 14. Rb2 h5 15. Be2
Nf5 16. O-O Be7 17. Kh2 Kd8 18. Qd2 Rc8 19. Rd1 f6 20. Kh1 Be8 21. Bf1 Bg6 22.
Bg2 Rc4 23. Bf1 Rc7 24. exf6 Bxf6 25. Nc3 Qa5 26. b6 Rxc3 27. Rb5 Qxb5 28. Bxb5
Rxf3 29. Qc1 Ke7 30. Kg2 Nh4+ 31. Kf1 Nf5 32. Kg2 Nh4+ 33. Kf1 Nf5 34. Ke2 Rb3
35. Bxa4 Rb1 36. Qc7+ Kf8 37. Rxb1 Nxd4+ 38. Kd1 Bxb1 39. Qxb7 Be5 40. Qd7 h4
41. g4 Bd3 42. f4 Bxf4 43. Qe8+ Kg7 44. Qe7+ Kg6 45. Be8+ Rxe8 46. Qxe8+ Kg7 47.
b7 Be2+ 48. Ke1 Bg3+ 49. Kd2 Bf4+ 50. Kc3 Nb5+ 51. Kb4 Bd6+ 52. Kb3 Bc4+ 53. Kc2
Nd4+ 54. Kb2 1-0

[Event "52nd World Juniors 2013"]
[Site "Kocaeli TUR"]
[Date "2013.09.21"]
[Round "8.19"]
[White "Dimitrov, Radoslav"]
[Black "Wang, Yiye"]
[Result "1-0"]
[WhiteTitle "IM"]
[WhiteElo "2437"]
[BlackElo "2258"]
[WhiteFideId "2908549"]
[BlackFideId "8606021"]
[EventDate "2013.09.13"]

1. e4 e6 2. d4 d5 3. Nc3 Bb4 4. Ne2 dxe4 5. a3 Bxc3+ 6. Nxc3 Nc6 7. Bb5 Ne7 8.
Nxe4 Qd5 9. Qd3 O-O 10. Be3 f5 11. Ng5 Qxg2 12. O-O-O h6 13. Rhg1 Qd5 14. Nh3
Kh7 15. Bf4 Rf7 16. Bc4 Qe4 17. Qg3 Nxd4 18. Bd3 Qc6 19. Qh4 Kg8 20. Qh5 Bd7 21.
Bxh6 Be8 22. Be3 e5 23. Bxd4 exd4 24. Ng5 g6 25. Nxf7 Bxf7 26. Qg5 Kf8 27. h4
Qf3 28. Rde1 Ng8 29. Rg3 Qxf2 30. Rf1 Qh2 31. Bxf5 gxf5 32. Qxf5 Nh6 33. Qf4 Ke8
34. Rg8+ 1-0

[Event "52nd World Juniors 2013"]
[Site "Kocaeli TUR"]
[Date "2013.09.21"]
[Round "8.20"]
[White "Saiyn, Zhanat"]
[Black "Velten, Paul"]
[Result "1-0"]
[WhiteTitle "FM"]
[BlackTitle "FM"]
[WhiteElo "2337"]
[BlackElo "2427"]
[WhiteFideId "13703820"]
[BlackFideId "681091"]
[EventDate "2013.09.13"]

1. d4 Nf6 2. c4 e6 3. Nc3 Bb4 4. e3 d5 5. Bd3 O-O 6. Nf3 c5 7. O-O Nc6 8. a3 Ba5
9. h3 Qe7 10. Bd2 dxc4 11. Bxc4 Rd8 12. Qe2 cxd4 13. exd4 Nxd4 14. Nxd4 Rxd4 15.
b4 Bb6 16. Be3 Rd6 17. Bf4 Rd8 18. Rad1 h6 19. Nb5 Rxd1 20. Rxd1 Bd7 21. Nd6 Ba4
22. Rd3 Ne8 23. Ne4 Rc8 24. Rg3 Bd1 25. Qxd1 Rxc4 26. Qe2 Rd4 27. Be5 Rd5 28.
Rxg7+ Nxg7 29. Nf6+ Qxf6 30. Bxf6 Nh5 31. Be5 Ng7 32. g4 Ne8 33. Bb2 Nd6 34. Qc2
h5 35. Kg2 hxg4 36. hxg4 Kf8 37. Bf6 Ke8 38. Qa4+ Nb5 39. Qc2 Kd7 40. a4 Nd6 41.
f3 a6 42. Kh3 Be3 43. Bc3 Bf4 44. Qe2 f5 45. Kg2 e5 46. Kf1 e4 47. fxe4 fxe4 48.
Be1 Rd3 49. Qa2 b5 50. axb5 axb5 51. Qg8 Be5 52. g5 Rf3+ 53. Ke2 Ke7 54. Bf2 Rf8
55. Qd5 Bf4 56. Bc5 Kd7 57. Bxd6 1-0

[Event "52nd World Juniors 2013"]
[Site "Kocaeli TUR"]
[Date "2013.09.21"]
[Round "8.21"]
[White "Nasanjargal, Urtnasan"]
[Black "Firat, Burak"]
[Result "1-0"]
[WhiteTitle "FM"]
[BlackTitle "IM"]
[WhiteElo "2323"]
[BlackElo "2423"]
[WhiteFideId "4900774"]
[BlackFideId "6305881"]
[EventDate "2013.09.13"]

1. e4 c5 2. Nf3 e6 3. g3 Nc6 4. Bg2 Nf6 5. d3 d5 6. Nbd2 g6 7. O-O Bg7 8. exd5
Nxd5 9. a4 O-O 10. Re1 b6 11. Nc4 Qc7 12. c3 Bb7 13. h4 h6 14. a5 bxa5 15. Qa4
Rfd8 16. Nxa5 Nb6 17. Qc2 Nxa5 18. Rxa5 c4 19. Bf4 Qd7 20. d4 Bd5 21. Ne5 Qb7
22. Bf1 g5 23. hxg5 hxg5 24. Bd2 f6 25. Bh3 fxe5 26. Rxd5 Qxd5 27. Rxe5 Bxe5 28.
Qg6+ Kf8 29. Bxe6 Qf3 30. Bf4 Qb7 31. Bxe5 1-0

[Event "52nd World Juniors 2013"]
[Site "Kocaeli TUR"]
[Date "2013.09.21"]
[Round "8.22"]
[White "Bortnyk, Mykola"]
[Black "Antal, Tibor Kende"]
[Result "1-0"]
[BlackTitle "FM"]
[WhiteElo "2417"]
[BlackElo "2321"]
[WhiteFideId "14120836"]
[BlackFideId "738581"]
[EventDate "2013.09.13"]

1. e4 c5 2. c3 Nf6 3. e5 Nd5 4. d4 cxd4 5. Nf3 e6 6. cxd4 d6 7. Bc4 Be7 8. O-O
O-O 9. Qe2 Nc6 10. Nc3 Nxc3 11. bxc3 dxe5 12. dxe5 Qc7 13. Qe4 b6 14. Bd3 g6 15.
Bh6 Rd8 16. Qe3 Bb7 17. Be4 Na5 18. Bxb7 Nxb7 19. Ng5 Nc5 20. Qf3 Bf8 21. Bxf8
Rxf8 22. Qh3 f5 23. Rad1 Qg7 24. Rd6 h6 25. Nf3 Rad8 26. Rd4 Ne4 27. Rfd1 Rxd4
28. Nxd4 Rc8 29. Ne2 h5 30. Nf4 Nxc3 31. Re1 Nd5 32. Nxd5 exd5 33. Qd3 Qd7 34.
e6 Qd6 35. Qb5 Qe7 36. Qxd5 Rd8 37. Qe5 a6 38. g3 Re8 39. h4 b5 40. a3 Rc8 41.
Rd1 Rc7 42. Rd6 f4 43. Qxf4 a5 44. Qd4 Kh7 45. Rd7 1-0

[Event "52nd World Juniors 2013"]
[Site "Kocaeli TUR"]
[Date "2013.09.21"]
[Round "8.23"]
[White "Bai, Jinshi"]
[Black "Lozhnikov, Vyacheslav"]
[Result "1-0"]
[BlackTitle "FM"]
[WhiteElo "2419"]
[BlackElo "2339"]
[WhiteFideId "8602280"]
[BlackFideId "13704761"]
[EventDate "2013.09.13"]

1. Nf3 Nf6 2. c4 g6 3. Nc3 d5 4. cxd5 Nxd5 5. Qb3 Nb6 6. d4 Bg7 7. e4 Bg4 8.
Bb5+ c6 9. Ng5 O-O 10. Be2 Bxe2 11. Nxe2 Na6 12. Be3 Qd6 13. O-O e5 14. Rad1
exd4 15. Bxd4 Qe7 16. Bxg7 Kxg7 17. Qe3 h6 18. Nf3 f5 19. exf5 Qxe3 20. fxe3
Rxf5 21. Rd6 Re8 22. Rxg6+ Kh7 23. Rg4 Rxe3 24. Ng3 Rd5 25. Ne4 Rf5 26. Nd4
Rxf1+ 27. Kxf1 Nd5 28. Nf5 Nab4 29. Rg7+ Kh8 30. Ned6 1-0

[Event "52nd World Juniors 2013"]
[Site "Kocaeli TUR"]
[Date "2013.09.21"]
[Round "8.24"]
[White "Ratkovic, Milovan"]
[Black "Sunilduth Lyna, Narayanan"]
[Result "0-1"]
[WhiteElo "2302"]
[BlackElo "2408"]
[WhiteFideId "914525"]
[BlackFideId "5058422"]
[EventDate "2013.09.13"]

1. d4 Nf6 2. c4 g6 3. Nc3 Bg7 4. e4 d6 5. h3 O-O 6. Nf3 Na6 7. Bd3 c6 8. O-O e5
9. Bg5 h6 10. Be3 exd4 11. Nxd4 Nc5 12. Bc2 Re8 13. Qf3 Nh7 14. b4 Ng5 15. Bxg5
Qxg5 16. Rad1 Ne6 17. Nce2 a5 18. b5 Nxd4 19. Nxd4 Qc5 20. Qd3 d5 21. exd5 cxd5
22. Nb3 Qxc4 23. Qxc4 dxc4 24. Nc5 Bf8 25. Na4 Be6 26. Be4 Rab8 27. Rfe1 Bb4 28.
Re3 b6 29. a3 Bf8 30. Bc6 Red8 31. Rxd8 Rxd8 32. Nxb6 Rd1+ 33. Kh2 Bc5 34. Rxe6
fxe6 35. Nxc4 Bxf2 36. Nxa5 Rd3 37. g4 Rxa3 38. Nc4 Rc3 39. Nd2 Bg3+ 40. Kg2 Bc7
41. Ne4 Rc2+ 42. Kf3 g5 43. Ke3 Rh2 44. Nf6+ Kf7 45. Nd7 Rxh3+ 46. Kd4 Rg3 47.
b6 Rxg4+ 48. Kc5 Bf4 49. b7 Rg1 50. Kd4 Ke7 51. b8=Q Bxb8 52. Nxb8 Rb1 0-1

[Event "52nd World Juniors 2013"]
[Site "Kocaeli TUR"]
[Date "2013.09.21"]
[Round "8.25"]
[White "Ashiku, Franc"]
[Black "Martinez Romero, Martin"]
[Result "1/2-1/2"]
[BlackTitle "IM"]
[WhiteElo "2253"]
[BlackElo "2404"]
[WhiteFideId "4700066"]
[BlackFideId "4404025"]
[EventDate "2013.09.13"]

1. e4 c5 2. c3 Nf6 3. e5 Nd5 4. d4 cxd4 5. Nf3 Nc6 6. cxd4 d6 7. Bc4 Nb6 8. Bb5
Bd7 9. Nc3 dxe5 10. dxe5 a6 11. Bd3 Bg4 12. Bf4 e6 13. O-O Be7 14. h3 Bh5 15.
Re1 Qc7 16. g4 Bg6 17. Be4 O-O 18. Rc1 Rad8 19. Qe2 Bxe4 20. Qxe4 Nd5 21. Nxd5
Rxd5 22. Nd4 Rfd8 23. Nxc6 bxc6 24. Rc4 Qb6 25. b3 Rd4 26. Qe2 Rd3 27. Rec1 c5
28. R4c3 Qb5 29. Rxd3 Rxd3 30. Be3 Rxb3 31. Qxb5 Rxb5 32. a4 Rb8 33. Bxc5 Rc8
34. Ba3 Rxc1+ 35. Bxc1 Kf8 36. Kf1 Ke8 37. Ke2 Kd7 38. Kd3 Kc6 39. Kc4 Bc5 40.
f3 Bf2 41. Bd2 Bg3 42. Bc3 Bf4 43. Kd4 Bg3 44. Kc4 Bf2 45. Bb4 Be3 46. Bc3 Bc5
47. Bd2 Ba3 48. Kb3 Be7 49. Kc4 Bc5 50. Bc3 Ba3 51. Kb3 Bc1 52. Kc4 g6 53. Bd4
Bd2 54. Bf2 Bf4 55. Bd4 Bc1 56. Bf2 Bb2 57. Bd4 Bxd4 58. Kxd4 Kb6 59. Kc4 Ka5
60. Kb3 g5 61. Ka3 Kb6 62. Kb4 a5+ 63. Kc4 Kc6 64. Kd4 Kb6 65. Ke4 1/2-1/2

[Event "52nd World Juniors 2013"]
[Site "Kocaeli TUR"]
[Date "2013.09.21"]
[Round "8.27"]
[White "Grandelius, Nils"]
[Black "Emiroglu, Cankut"]
[Result "1-0"]
[WhiteTitle "GM"]
[BlackTitle "CM"]
[WhiteElo "2576"]
[BlackElo "2260"]
[WhiteFideId "1710400"]
[BlackFideId "6306659"]
[EventDate "2013.09.13"]

1. Nf3 Nf6 2. g3 d5 3. Bg2 c6 4. c4 Bf5 5. b3 Nbd7 6. Bb2 e6 7. O-O Bd6 8. d3
O-O 9. Nc3 Qe7 10. a3 a6 11. Re1 Bg4 12. h3 Bh5 13. Qc2 e5 14. cxd5 cxd5 15. Nh4
Qe6 16. g4 Bxg4 17. hxg4 Qxg4 18. Nf3 e4 19. dxe4 dxe4 20. Nh2 Bxh2+ 21. Kxh2
Qf4+ 22. Kg1 e3 23. Nd1 Ng4 24. f3 Qg3 25. Qc3 Ndf6 26. fxg4 Rfc8 27. Qxe3 Qxe1+
28. Bf1 Nxg4 29. Qf4 Rc6 30. Nf2 Qxf2+ 31. Qxf2 Nxf2 32. Kxf2 Rb6 33. b4 a5 34.
Bd4 Rd6 35. Bc5 Rf6+ 36. Ke1 axb4 37. Bxb4 h5 38. Bg2 Rb8 39. Rd1 b6 40. Rd7 Re8
41. Bc3 Rfe6 42. Bf3 Re3 43. Kd2 g6 44. Rb7 R3e6 45. Bd4 Ra8 46. Bd5 Rd6 47. e4
Rdd8 48. Rxb6 Ra4 49. Ke3 Rxa3+ 50. Kf4 Rd3 51. Bf6 Rf8 52. Be7 Rc8 53. Rxg6+
Kh7 54. Rf6 Rcc3 55. Rxf7+ Kg6 56. Rf6+ Kg7 57. Ke5 Rf3 58. Bf8+ 1-0

[Event "52nd World Juniors 2013"]
[Site "Kocaeli TUR"]
[Date "2013.09.21"]
[Round "8.28"]
[White "Tomazini, Aljosa"]
[Black "Farid, Firman Syah"]
[Result "1/2-1/2"]
[WhiteTitle "FM"]
[BlackTitle "IM"]
[WhiteElo "2251"]
[BlackElo "2433"]
[WhiteFideId "14608154"]
[BlackFideId "7102526"]
[EventDate "2013.09.13"]

1. d4 Nf6 2. Nf3 e6 3. c4 Bb4+ 4. Nbd2 b6 5. a3 Bxd2+ 6. Qxd2 Bb7 7. e3 O-O 8.
Be2 d6 9. O-O Nbd7 10. b4 Qe7 11. Bb2 e5 12. d5 Rfd8 13. Rfd1 Nf8 14. Ne1 c6 15.
Bf3 Rac8 16. e4 Ng6 17. g3 Qe8 18. a4 cxd5 19. cxd5 Rc4 20. Bg2 h5 21. f3 h4 22.
Bf1 Rc7 23. a5 hxg3 24. hxg3 Qe7 25. axb6 axb6 26. Rdc1 Rdc8 27. Rxc7 Qxc7 28.
Rc1 Qd8 29. Rxc8 Bxc8 30. Bc1 Bd7 31. Qf2 Ne7 32. Be3 Nc8 33. Bd3 Nh5 34. Qh2 g6
35. g4 Ng7 36. Qh6 Na7 37. Bg5 f6 38. Be3 Kf7 39. Qh2 Nc8 40. Qc2 f5 41. gxf5
gxf5 42. f4 exf4 43. Bxf4 Nh5 44. Qh2 Qg8+ 45. Ng2 Qg4 46. Kf2 Nf6 47. Ne3 fxe4
48. Be2 Qg6 49. Ke1 Ke7 50. Bxd6+ Nxd6 51. Qe5+ Kf7 52. Qxd6 b5 53. Qe5 Qg1+ 54.
Kd2 Qf2 55. Nd1 Qg2 56. Ne3 Qf2 57. Nd1 Qg2 1/2-1/2

[Event "52nd World Juniors 2013"]
[Site "Kocaeli TUR"]
[Date "2013.09.21"]
[Round "8.29"]
[White "Ferreira, Jorge Viterbo"]
[Black "Nuri, Murad"]
[Result "1/2-1/2"]
[WhiteTitle "FM"]
[WhiteElo "2426"]
[BlackElo "2206"]
[WhiteFideId "1910850"]
[BlackFideId "13404474"]
[EventDate "2013.09.13"]

1. Nf3 Nf6 2. c4 g6 3. Nc3 Bg7 4. e4 d6 5. d4 O-O 6. Be2 e5 7. O-O Nbd7 8. Be3
c6 9. d5 Qe7 10. b4 c5 11. Rb1 b6 12. Qa4 cxb4 13. Qxb4 Nc5 14. Nd2 Ng4 15. Bxg4
Bxg4 16. a4 Bf6 17. h3 Bd7 18. Nf3 Rfc8 19. a5 Nd3 20. Qa3 bxa5 21. Rfd1 Nc5 22.
Qxa5 Qd8 23. Qa3 a5 24. Nb5 Be7 25. Nxe5 Nxe4 26. Nxd7 Qxd7 27. Qd3 Nc5 28. Qc3
Bf8 29. Qf6 Ne4 30. Qd4 Re8 31. Re1 a4 32. Bh6 Bxh6 33. Rxe4 Bg7 34. Rxe8+ Rxe8
35. Qd3 Qd8 36. Qa3 Qa5 37. Kf1 Qd2 38. Nxd6 Bd4 39. Qf3 Re7 40. Rd1 Qb2 41. Nb5
Bc5 42. d6 Re8 43. d7 Rd8 44. Qe2 Qf6 45. Nc3 Qxc3 46. Qe8+ Kg7 47. Qxd8 Qc2 48.
Qf6+ Kxf6 49. d8=Q+ Kg7 50. Qd2 1/2-1/2

[Event "52nd World Juniors 2013"]
[Site "Kocaeli TUR"]
[Date "2013.09.21"]
[Round "8.30"]
[White "Ochsner, Bjorn Moller"]
[Black "Uysal, Burak"]
[Result "1/2-1/2"]
[WhiteTitle "FM"]
[WhiteElo "2366"]
[BlackElo "1928"]
[WhiteFideId "1416928"]
[BlackFideId "6339387"]
[EventDate "2013.09.13"]

1. e4 c5 2. Nf3 Nc6 3. d4 cxd4 4. Nxd4 g6 5. c4 Nf6 6. Nc3 Nxd4 7. Qxd4 d6 8.
Bg5 Bg7 9. Qd2 O-O 10. Bd3 Be6 11. O-O Rc8 12. Nd5 Re8 13. Rac1 Nd7 14. b4 f6
15. Be3 b6 16. Rfe1 Bf7 17. Bf1 Rc6 18. Bd4 Qa8 19. a3 Rcc8 20. f3 e5 21. Be3
Bxd5 22. cxd5 Qb7 23. Bb5 Red8 24. Bc6 Qb8 25. a4 Rc7 26. Rc2 Rf8 27. a5 f5 28.
Bxd7 Rxd7 29. axb6 axb6 30. Rc6 fxe4 31. fxe4 b5 32. Qe2 Rdf7 33. Rec1 Qd8 34.
Qxb5 Qh4 35. Qd3 Bh6 36. Rc8 Rxc8 37. Rxc8+ Kg7 38. Bxh6+ Qxh6 39. g3 Ra7 40.
Qc3 Ra1+ 1/2-1/2

[Event "52nd World Juniors 2013"]
[Site "Kocaeli TUR"]
[Date "2013.09.21"]
[Round "8.31"]
[White "Docena, Jerad"]
[Black "Franklin, Samuel G A"]
[Result "1/2-1/2"]
[BlackTitle "FM"]
[WhiteElo "2227"]
[BlackElo "2353"]
[WhiteFideId "5208173"]
[BlackFideId "468576"]
[EventDate "2013.09.13"]

1. e4 e5 2. Nf3 Nc6 3. Bc4 Bc5 4. c3 Nf6 5. d3 a6 6. Bb3 d6 7. Nbd2 Be6 8. Bc2
h6 9. O-O O-O 10. h3 d5 11. Nxe5 Nxe5 12. d4 Nxe4 13. dxc5 Nxc5 14. b4 Ne4 15.
Nxe4 dxe4 16. Bxe4 c6 17. Qh5 f5 18. Bc2 Qe8 19. Qh4 Qg6 20. Kh1 Bd5 21. f3 Rae8
22. Bf4 Nc4 23. Rae1 Qf7 24. Qg3 Kh8 25. h4 Qf6 26. h5 Qxc3 27. Rxe8 Rxe8 28.
Bxf5 Bf7 29. Rd1 Qf6 30. Be4 Bxh5 31. Rd7 Re7 32. Rd8+ Re8 33. Rd7 Re7 34. Rd8+ 1/2-1/2

[Event "52nd World Juniors 2013"]
[Site "Kocaeli TUR"]
[Date "2013.09.21"]
[Round "8.32"]
[White "Sumer, Gun"]
[Black "Kathmale, Sameer"]
[Result "1-0"]
[WhiteElo "1928"]
[BlackElo "2339"]
[WhiteFideId "6311784"]
[BlackFideId "5024498"]
[EventDate "2013.09.13"]

1. e4 c6 2. d4 d5 3. Nc3 dxe4 4. Nxe4 Bf5 5. Ng3 Bg6 6. h4 h6 7. N1e2 Nf6 8. Nf4
Bh7 9. Bc4 e6 10. Qe2 Bd6 11. Ngh5 O-O 12. g4 Bxf4 13. Bxf4 Nxh5 14. gxh5 Qxd4
15. Be5 Qe4 16. Qxe4 Bxe4 17. Rg1 f6 18. Bxe6+ Kh8 19. Bd6 Rd8 20. Be7 Re8 21.
O-O-O Bd5 22. Rxg7 Nd7 23. Rxd5 cxd5 24. Rf7 Rxe7 25. Rxe7 Nb6 26. b3 d4 27. Kd2
Rd8 28. Rxb7 Rd6 29. Bf5 a5 30. Rh7+ Kg8 31. Rxh6 Nd5 32. Rg6+ Kh8 33. Rh6+ Kg8
34. Rh7 Nc3 35. h6 Rd5 36. Bg6 f5 37. Rb7 Ne4+ 38. Kc1 Rd8 39. Bxf5 Nxf2 40. Ra7
Rf8 41. Rxa5 Re8 42. Kd2 Kh8 43. Rd5 Rf8 44. a4 1-0

[Event "52nd World Juniors 2013"]
[Site "Kocaeli TUR"]
[Date "2013.09.21"]
[Round "8.33"]
[White "Mamyrbay, Assad"]
[Black "Grandadam, Nicolas"]
[Result "0-1"]
[BlackTitle "FM"]
[WhiteElo "1823"]
[BlackElo "2309"]
[WhiteFideId "13708880"]
[BlackFideId "681806"]
[EventDate "2013.09.13"]

1. e4 c5 2. Nf3 e6 3. d4 cxd4 4. Nxd4 a6 5. Bd3 Qc7 6. O-O Nf6 7. Qe2 d6 8. c4
g6 9. Nc3 Bg7 10. Be3 O-O 11. f4 Nbd7 12. Kh1 b6 13. Rae1 e5 14. Nf3 exf4 15.
Bxf4 Bb7 16. Nd5 Qb8 17. Qf2 Re8 18. Qh4 b5 19. Nxf6+ Nxf6 20. Bh6 Bh8 21. Bg5
Nh5 22. Bd2 Qd8 23. Ng5 f6 24. Nxh7 Kxh7 25. g4 f5 26. Qxd8 Raxd8 27. gxh5 Bxe4+
28. Bxe4 Rxe4 29. Rxe4 fxe4 30. Rf7+ Kg8 31. Re7 bxc4 32. Rxe4 d5 33. Re6 gxh5
34. Rxa6 Bxb2 35. Rc6 Ra8 36. Rc5 Rxa2 37. Rxd5 Bg7 38. Bb4 h4 39. Rg5 Kf7 40.
Rg4 h3 41. Kg1 c3 42. Rxg7+ Kxg7 43. Bxc3+ Kg6 44. Bd4 Rd2 45. Be3 Rd1+ 46. Kf2
Kf5 47. Ba7 Ke4 48. Bb6 Rb1 49. Bc5 Rb5 50. Ba7 Rg5 51. Bb8 Rg2+ 52. Ke1 Ke3 53.
Ba7+ Kf3 54. Bb8 Re2+ 55. Kd1 Rb2 56. Bc7 Ke3 57. Be5 Rb1+ 58. Kc2 Rb5 59. Bg3
Rd5 60. Kc3 Rc5+ 61. Kb4 Rc8 62. Kb3 Kf3 63. Kb2 Kg2 64. Kb1 Kg1 65. Bf4 Rf8 66.
Bd6 Rc8 67. Bg3 Kh1 68. Kb2 Rg8 69. Be5 Rg2+ 70. Kc3 Rxh2 71. Bxh2 Kxh2 0-1

[Event "52nd World Juniors 2013"]
[Site "Kocaeli TUR"]
[Date "2013.09.21"]
[Round "8.35"]
[White "Tomazini, Zan"]
[Black "Baglan, Esat"]
[Result "0-1"]
[WhiteTitle "FM"]
[WhiteElo "2277"]
[BlackElo "2024"]
[WhiteFideId "14608162"]
[BlackFideId "6309216"]
[EventDate "2013.09.13"]

1. e4 c5 2. c3 d5 3. exd5 Qxd5 4. d4 Nf6 5. Nf3 Nc6 6. Be2 Bg4 7. c4 Qf5 8. dxc5
Rd8 9. Qa4 e5 10. Be3 Bxf3 11. gxf3 Be7 12. Nd2 O-O 13. b4 Nd4 14. Bd1 Nh5 15.
O-O Nf4 16. Kh1 Nde2 17. Bxe2 Nxe2 18. Qb3 Rd3 19. Qc2 Rfd8 20. Rfe1 Nf4 21. Rg1
Qh5 22. Bxf4 exf4 23. Nf1 Qxf3+ 24. Rg2 g6 25. Kg1 h5 26. Re1 Bf6 27. h4 Bxh4
28. b5 Bf6 29. c6 bxc6 30. Nh2 Qh3 31. bxc6 Qc8 32. Qa4 f3 33. Rg3 Bh4 34. c7
Rf8 35. Qc2 Bxg3 36. fxg3 Rd7 37. Nxf3 Qxc7 38. Re5 Re7 39. Rg5 Qc6 40. Qd3 Rfe8
41. Qd5 Qxd5 42. cxd5 Kg7 43. d6 Rd7 44. Nd4 Kf6 45. Rd5 Re5 0-1

[Event "52nd World Juniors 2013"]
[Site "Kocaeli TUR"]
[Date "2013.09.21"]
[Round "8.36"]
[White "Meribanov, Vitaly"]
[Black "Yurtseven, Melih"]
[Result "1-0"]
[WhiteTitle "FM"]
[WhiteElo "2433"]
[BlackElo "2262"]
[WhiteFideId "13504363"]
[BlackFideId "6312160"]
[EventDate "2013.09.13"]

1. e4 e5 2. Nf3 Nc6 3. Bb5 f5 4. d3 fxe4 5. dxe4 Nf6 6. O-O Bc5 7. Qd3 d6 8. Qc4
Qe7 9. Nc3 Bd7 10. Nd5 Nxd5 11. exd5 Nd4 12. Bxd7+ Qxd7 13. Nxd4 Bxd4 14. a4 a6
15. Be3 Bxe3 16. fxe3 O-O-O 17. Rf3 Rdf8 18. Raf1 Rxf3 19. Rxf3 Kb8 20. Qh4 g6
21. b3 Re8 22. h3 e4 23. Rf4 Qe7 24. Qxe7 Rxe7 25. Kf2 a5 26. Ke2 Ka7 27. Kd2
Kb6 28. c4 c6 29. dxc6 bxc6 30. Kc3 c5 31. h4 Kc6 32. Rf8 Kb7 33. g4 Kb6 34. g5
Kc6 35. Ra8 Kb6 36. Kd2 h6 37. gxh6 Rh7 38. Re8 Rxh6 39. Rxe4 Kc6 40. Ke2 Rh5
41. Rg4 Rh8 42. Kf3 Rf8+ 43. Rf4 Rb8 44. Rf6 Rxb3 45. Rxg6 Rb4 46. Rg4 Rxa4 47.
h5 Ra1 48. Rh4 d5 49. cxd5+ Kxd5 50. h6 Rf1+ 51. Kg4 Rf8 52. h7 Rh8 53. Kf5 c4
54. e4+ Kc5 55. Kf6 a4 56. Kg7 Rxh7+ 57. Kxh7 a3 58. Kg6 a2 59. Rh1 Kd4 60. Kf5
Kc3 61. e5 Kb2 62. Ke4 c3 63. Kd3 c2 64. Ke4 1-0

[Event "52nd World Juniors 2013"]
[Site "Kocaeli TUR"]
[Date "2013.09.21"]
[Round "8.39"]
[White "Gaehwiler, Gabriel"]
[Black "Vucic, Mihovil"]
[Result "1/2-1/2"]
[WhiteElo "2287"]
[BlackElo "2063"]
[WhiteFideId "1314530"]
[BlackFideId "14514990"]
[EventDate "2013.09.13"]

1. e4 c5 2. Nf3 d6 3. d4 cxd4 4. Nxd4 Nf6 5. f3 e5 6. Nb3 d5 7. Bg5 dxe4 8.
Qxd8+ Kxd8 9. Bxf6+ gxf6 10. fxe4 Bb4+ 11. c3 Bf8 12. N1d2 Bh6 13. Bc4 Rg8 14.
g3 Ke7 15. Bd5 Na6 16. Nf3 Nc7 17. Bc4 Rg4 18. Bd3 Ne8 19. Kf2 Nd6 20. Rhe1 b6
21. Nbd2 Bb7 22. h3 Rg7 23. Nc4 Nxc4 24. Bxc4 Rd8 25. a4 a5 26. Bb3 Rdg8 27. Nh4
Bc8 28. g4 Bg5 29. Nf3 Bf4 30. Rg1 h5 31. gxh5 Bxh3 32. Rxg7 Rxg7 33. Rg1 Rxg1
34. Kxg1 Bg4 35. Nh4 Bxh5 36. Nf5+ Kd7 37. Kf2 Bc1 38. Ke1 Bxb2 39. Kd2 Ba3 40.
Nh6 Bf8 41. Nf5 Kc6 42. Bc4 Kc5 43. Bb5 Bf3 44. Kd3 Bd1 45. Ne3 Bb3 46. Nf5 Ba2
47. Ba6 Be6 48. Bb5 Bc8 49. Ke3 Bb7 50. Kd3 Bc8 51. Ke3 Be6 52. Kd3 Bb3 53. Ne3
Bh6 54. Nf5 Bf4 55. Ng7 Ba2 56. Kc2 Bg5 57. Nf5 Be6 58. Kd3 Bb3 59. Ng7 Ba2 60.
Kc2 Bf4 61. Nf5 Be6 62. Kd3 Bc1 63. Kc2 Ba3 64. Kd3 Ba2 65. Kc2 Be6 66. Ne3 Bc8
67. Nc4 Bb7 68. Nxa3 Bxe4+ 69. Kd2 Bd5 70. Bd7 Kd6 71. Bb5 Kc5 72. Bd7 Kd6 73.
Bb5 1/2-1/2